00222nam a2200085Ia 4500008004100000100002500041245001300066260004300079650001400122190216s9999||||xx |||||||||||||| ||und|| aUnnikrishnan Puthoor 0aAnappaka bSahithya Pravarthaka Sahakarana Sangam aMalayalam